000 00626nam a2200241 i 4500
001 bgj
100 1 _aALBERT-LASARD, Lou.
245 1 0 _aWege mit Rilke /
_cLou Albert-Lasard.
260 _aFrankfurt am Main :
_bFischer Taschenbuch,
_c1985.
300 _a187, [2] s. :
_bil. ;
_c19 cm.
490 1 _aFischer
_v5627
600 9 _aRilke, Rainer Maria,
_d(1875-1926)
650 9 _aLiteratura niemiecka
830 _aFischer
020 _a3596256275
040 _cBPK
041 0 _ager
044 _aDEU
080 _a821.112.2
920 _a3-596-25627-5
942 _cKS
008 s gw f |000 0 ger
999 _c50239
_d50239
856 _uhttp://koha.tu.koszalin.pl/cgi-bin/koha/opac-detail.pl?biblionumber=50239
_yKatalog online BPK